Encyclopedia of the Aquatic World (Record no. 5717)

MARC details
005 - DATE AND TIME OF LATEST TRANSACTION
control field 20250627152311.0
020 ## - INTERNATIONAL STANDARD BOOK NUMBER
International Standard Book Number 0-7614-7421-8
082 ## - DEWEY DECIMAL CLASSIFICATION NUMBER
Classification number 578.76 CAV
100 ## - MAIN ENTRY--PERSONAL NAME
Author name CAVENDISH,M.
245 ## - TITLE STATEMENT
Title Encyclopedia of the Aquatic World
260 ## - PUBLICATION, DISTRIBUTION, ETC.
Place of publication, distribution, etc. NewYork,
Name of publisher, distributor, etc. Marshall Cavendish Corporation,
Date of publication, distribution, etc. 2004.
300 ## - PHYSICAL DESCRIPTION
Extent 429p.:ill.;pictures
Dimensions 29cm
942 ## - ADDED ENTRY ELEMENTS (KOHA)
Source of classification or shelving scheme Dewey Decimal Classification
Koha item type Books
Holdings
Date last seen Total checkouts Full call number Barcode Cost, replacement price Price effective from Koha item type Lost status Source of classification or shelving scheme Damaged status Not for loan Withdrawn status Home library Current library Shelving location Date acquired Source of acquisition Cost, normal purchase price
06/27/2025   578.76 CAV MZA0002666 30000.00 06/27/2025 Books   Dewey Decimal Classification       CBE Mwanza CBE Mwanza General Collection 07/16/2007 Library Budget 10000.00
06/27/2025   578.76 CAV MZA0002667 30000.00 06/27/2025 Books   Dewey Decimal Classification       CBE Mwanza CBE Mwanza General Collection 07/16/2007 Library Budget 10000.00
06/27/2025   578.76 CAV MZA0002668 30000.00 06/27/2025 Books   Dewey Decimal Classification       CBE Mwanza CBE Mwanza General Collection 07/16/2007 Library Budget 10000.00